| 000 | 00688nam 22001813 4500 | ||
|---|---|---|---|
| 001 | 200855 | ||
| 090 | _a200855 | ||
| 100 | _a20260302d u||y0pory50 ba | ||
| 200 |
_aBibliotheca de Instrução e Educação Profissional, Fiação e tecelagem _fBibliotheca de Instrução e Educação Profissional |
||
| 210 |
_aLisboa _cBibliotheca de Instrução e Educação Profissional _d1905 |
||
| 215 |
_a102, [4] p. _cil. ; encadernado _d23 cm |
||
| 300 | _aManual do operário | ||
| 606 |
_912872 _aDesenho. Design. Artes e Ofícios Aplicados |
||
| 675 |
_a74 _vPT _zpor |
||
| 710 |
_916561 _aBibliotheca de Instrução e Educação Profissional |
||
| 801 |
_aPT _bBMMN _gRPC |
||
| 830 | _cVanda | ||
| 990 | _cLIVROS | ||